The complete printmaker: the art and technique of the relief print, the intaglio print, the collagraph, the lithograph, the screen print, the dimension-al print, photographic prints, children`s prints, collecting prints, print workshop
Guardat en:
| Autors principals: | , |
|---|---|
| Format: | Llibre |
| Idioma: | anglès |
| Publicat: |
Nueva York
The Free Pres
1972
|
| Matèries: | |
| Etiquetes: |
Afegir etiqueta
Sense etiquetes, Sigues el primer a etiquetar aquest registre!
|
MARC
| LEADER | 00000nam a2200000 a 4500 | ||
|---|---|---|---|
| 001 | UCY0591 | ||
| 003 | CL-VaPUC | ||
| 008 | 940805e19720000US |||||||||||||||||eng|d | ||
| 082 | 0 | 4 | |a 760.28 |b ROS |2 21 |
| 100 | 0 | |a Ross, John |e author |9 328354 | |
| 700 | 0 | |a Romano, Clase |e author |9 328355 | |
| 245 | 1 | 4 | |a The complete printmaker: the art and technique of the relief print, the intaglio print, the collagraph, the lithograph, the screen print, the dimension-al print, photographic prints, children`s prints, collecting prints, print workshop |
| 300 | |a 306 p | ||
| 942 | |c BK | ||
| 945 | |d 19940805 00:00:00 |a oaravena | ||
| 260 | |a Nueva York |b The Free Pres |c 1972 | ||
| 650 | 0 | |a Artes gráficas |9 265865 | |
| 650 | 7 | |a LITOGRAFIA |2 CL-VaPUC |9 266187 | |
| 650 | 7 | |a GRABADO TECNICA |2 CL-VaPUC |9 328356 | |
| 583 | |a last modification |c 19940805 00:00:00 |k Rodrigo Vera | ||
| 999 | |c 229557 |d 229555 | ||
| 952 | |0 0 |1 0 |4 0 |6 760_280000000000000_ROS_1972 |7 0 |8 A |9 230818 |a BIBARQ |b BIBARQ |d 2019-11-15 |i 3000400 |l 7 |o 760.28 ROS 1972 |p 3000400 |r 2025-01-20 |s 2022-04-05 |w 2019-11-15 |y BK |k ARQ | ||